BIBLIOTECA

SENCICO

Diseño sismo resistente construcciones de adobe (Registro nro. 1934)

Detalles MARC
000 -LEADER
fixed length control field 00741nam a2200205Ia 4500
005 - DATE AND TIME OF LATEST TRANSACTION
control field 20251020182527.0
008 - FIXED-LENGTH DATA ELEMENTS--GENERAL INFORMATION
fixed length control field 200515s9999 xx 000 0 und d
082 ## - DEWEY DECIMAL CLASSIFICATION NUMBER
Classification number 693.238.06/C74
100 ## - MAIN ENTRY--PERSONAL NAME
Personal name CONCHA BUSTAMANTE, Oscar
245 #0 - TITLE STATEMENT
Title Diseño sismo resistente construcciones de adobe
260 ## - PUBLICATION, DISTRIBUTION, ETC.
Place of publication, distribution, etc. Lima
260 ## - PUBLICATION, DISTRIBUTION, ETC.
Date of publication, distribution, etc. s.a.
500 ## - GENERAL NOTE
General note 1 ejemplar
520 ## - SUMMARY, ETC.
Summary, etc. Segunda fase del proyecto COBE, que esta en ejecución, se está tratando de lograr construcciones de un piso, más económicas que las que resultaron de la primera fase del estudio y de determinar las condiciones bajo las cuales podría construirse una vivien
650 ## - SUBJECT ADDED ENTRY--TOPICAL TERM
Topical term or geographic name entry element ADOBE
650 ## - SUBJECT ADDED ENTRY--TOPICAL TERM
Topical term or geographic name entry element COBE
650 ## - SUBJECT ADDED ENTRY--TOPICAL TERM
Topical term or geographic name entry element DISEÑO SISMORESISTENTE
650 ## - SUBJECT ADDED ENTRY--TOPICAL TERM
Topical term or geographic name entry element LIB
942 ## - ADDED ENTRY ELEMENTS (KOHA)
Koha item type Libros
Existencias
Fecha de la última vez que lo usaron Pago total Signatura topográfica completa Código de barras Precio efectivo desde Tipo de documento Estado perdido Estado dañado No es para préstamo Retirado Ubicación permanente Ubicación actual Fecha de adquisición
15/05/2020   693.238.06/C74 Bib-Lima15051934 15/05/2020 Libros         Biblioteca Central Lima Biblioteca Central Lima 15/05/2020